संधि प्रकाश राग / (Record no. 119302)

MARC details
000 -LEADER
fixed length control field 01136nam a22002537a 4500
005 - DATE AND TIME OF LATEST TRANSACTION
control field 20170124103131.0
010 ## - LIBRARY OF CONGRESS CONTROL NUMBER
LC control number B-170219
020 ## - INTERNATIONAL STANDARD BOOK NUMBER
Terms of availability 400.00
International Standard Book Number 8174531181
035 ## - SYSTEM CONTROL NUMBER
System control number B-170219
037 ## - SOURCE OF ACQUISITION
Source of stock number/acquisition Cen Lib/Ret
040 ## - CATALOGING SOURCE
Original cataloging agency DPL
Language of cataloging HN
082 ## - DEWEY DECIMAL CLASSIFICATION NUMBER
Classification number 781.264
Item number कौशल
100 ## - MAIN ENTRY--PERSONAL NAME
Personal name कौशल, प्रियंका
9 (RLIN) 84263
245 ## - TITLE STATEMENT
Title संधि प्रकाश राग /
Statement of responsibility, etc प्रियंका कौशल
246 ## - VARYING FORM OF TITLE
Title proper/short title Sandhi prakash raag /
Remainder of title by Priyanka Kaushal
260 ## - PUBLICATION, DISTRIBUTION, ETC. (IMPRINT)
Place of publication, distribution, etc नयी दिल्ली
Name of publisher, distributor, etc संजय प्रकाशन
Date of publication, distribution, etc 2004
270 ## - ADDRESS
City नयी दिल्ली
Address 4378/4 बी, 209 जे.एम.डी. हौसेर मुरारी लाल गली अंसारी रोड, दरियागंज
Postal code 110002
300 ## - PHYSICAL DESCRIPTION
Extent xi,196पृ.
Dimensions 20सेमी(सजिल्द )
650 ## - SUBJECT ADDED ENTRY--TOPICAL TERM
Topical term or geographic name as entry element हिंदुस्तानी संगीत - सिद्धांत
General subdivision
Geographic subdivision
9 (RLIN) 84264
650 ## - SUBJECT ADDED ENTRY--TOPICAL TERM
Topical term or geographic name as entry element राग
9 (RLIN) 84265
650 ## - SUBJECT ADDED ENTRY--TOPICAL TERM
Topical term or geographic name as entry element Hindustani music -- Theory.
9 (RLIN) 84266
650 ## - SUBJECT ADDED ENTRY--TOPICAL TERM
Topical term or geographic name as entry element Raag
9 (RLIN) 84267
942 ## - ADDED ENTRY ELEMENTS (KOHA)
Source of classification or shelving scheme Dewey Decimal Classification
Koha item type Hindi Books
Classification part 781.264
Call number suffix कौशल
Holdings
Withdrawn status Lost status Damaged status Not for loan Home library Current library Date acquired Source of acquisition Cost, normal purchase price Total Checkouts Full call number Barcode Date last seen Date checked out Copy number Cost, replacement price Price effective from Koha item type
        Central Library Central Library 16/09/2015 Cen Lib/Ref 400.00 1 781.264 कौशल B-170219 28/05/2024 14/05/2024 1 400.00 16/09/2015 Hindi Books

© Delhi Public Library
Hit Counter
free hit counter